000 01262cam a2200241 4500
001 ABS67168
008 031029n2003 000 0 eng u
035 _a(Sirsi) u124160
100 _aBazlinton, C.
245 _aMissing the boat?
260 _c2003
490 _aInside Housing
_v20(41) 17 October 2003, 16-18(3)
520 _aInvestigates the slowing progress of housing associations' involvement in the market rented sector, which was initially promoted as an institutional sector providing high- quality, efficiently managed homes. Anticipates the Barker review's recommendations on how to revive the market rented sector and the possibility of a government announcement in the pre-budget statement in support of creating a new corporate sector, which would provide a real extra choice in the housing market. Presents a market renting timeline and a state of the market table of the 25 largest associations active in the market rented sector.
590 _aABS
650 _aREGISTERED SOCIAL LANDLORDS
650 _aHOUSING ASSOCIATIONS
650 _aMANAGED HOUSING
650 _aMARKET RENTING
650 _aPRIVATE RENTED SECTOR
650 _aREITS
690 _aPROPERTY-RESIDENTIAL PROPERTY-RESIDENTIAL PROPERTY MARKET
942 _n0
999 _c73696
_d73696